The biological variation in Indian populations / (Record no. 125649)

MARC details
000 -LEADER
fixed length control field 00857nam a22002657a 4500
005 - DATE AND TIME OF LATEST TRANSACTION
control field 20170124105958.0
010 ## - LIBRARY OF CONGRESS CONTROL NUMBER
LC control number A-704996
020 ## - INTERNATIONAL STANDARD BOOK NUMBER
Terms of availability 00.00
International Standard Book Number 0195633512
035 ## - SYSTEM CONTROL NUMBER
System control number A-704996
037 ## - SOURCE OF ACQUISITION
Source of stock number/acquisition Cen Lib/Ret
040 ## - CATALOGING SOURCE
Original cataloging agency DPL
Language of cataloging EN
082 ## - DEWEY DECIMAL CLASSIFICATION NUMBER
Classification number 305
Item number SIN
100 ## - MAIN ENTRY--PERSONAL NAME
Personal name Singh, K.S.
9 (RLIN) 15053
245 ## - TITLE STATEMENT
Title The biological variation in Indian populations /
Statement of responsibility, etc by K.S. Singh, V. Bhalla [and] V. Kaul
260 ## - PUBLICATION, DISTRIBUTION, ETC. (IMPRINT)
Place of publication, distribution, etc Delhi
Name of publisher, distributor, etc Oxford university press
Date of publication, distribution, etc 1994
270 ## - ADDRESS
Address YMCA library building Jai Singh road
City Delhi
Postal code 110001
300 ## - PHYSICAL DESCRIPTION
Extent xvii,760p. :
Dimensions 24cm(Hb)
490 ## - SERIES STATEMENT
Series statement People of India national series volume- 10
500 ## - GENERAL NOTE
General note Includes bibliographical reference and index
650 ## - SUBJECT ADDED ENTRY--TOPICAL TERM
Topical term or geographic name as entry element Population
9 (RLIN) 7656
650 ## - SUBJECT ADDED ENTRY--TOPICAL TERM
Topical term or geographic name as entry element Anthropology
9 (RLIN) 7607
700 ## - ADDED ENTRY--PERSONAL NAME
Personal name Bhalla, V.
9 (RLIN) 88894
700 ## - ADDED ENTRY--PERSONAL NAME
Personal name Kaul, V.
9 (RLIN) 15054
942 ## - ADDED ENTRY ELEMENTS (KOHA)
Source of classification or shelving scheme Dewey Decimal Classification
Koha item type English Books
Classification part 305
Call number suffix SIN
Holdings
Withdrawn status Lost status Damaged status Not for loan Home library Current library Date acquired Source of acquisition Cost, normal purchase price Total Checkouts Full call number Barcode Date last seen Date checked out Copy number Cost, replacement price Price effective from Koha item type
        Central Library Central Library 22/06/2015 Cen Lib/Ret 0.00 2 305 SIN A-704996 07/01/2022 24/12/2021 1 0.00 22/06/2015 English Books

© Delhi Public Library
Hit Counter
free hit counter